000 00311nam a2200109Ia 4500
008 200302s9999 xx 000 0 und d
100 _aD Krishnamurthy
245 _aStructural Design and Drawing Vol 2 Concret Structures
260 _bCBS Publishers and Distributors Pvt. Ltd
260 _c2014
300 _a351 P.,
999 _c5004
_d5004